Online Catalogue and eLibrary

Sanwardena virodhi Sri Lanka deshapalanaya (Record no. 5140)

MARC details
000 -LEADER
fixed length control field 00415nam a2200145Ia 4500
005 - DATE AND TIME OF LATEST TRANSACTION
control field 20250626011616.0
008 - FIXED-LENGTH DATA ELEMENTS--GENERAL INFORMATION
fixed length control field 240331s9999 xx 000 0 und d
082 ## - DDC Classification
Item Number - Author Mark WIJ
Class No. 352
100 ## - MAIN ENTRY--PERSONAL NAME
Personal name Wijesinghe,P.R.H
245 #0 - TITLE STATEMENT
Title Sanwardena virodhi Sri Lanka deshapalanaya
260 ## - PUBLICATION, DISTRIBUTION, ETC.
Place of publication, distribution, etc. Moratuwa
Name of publisher, distributor, etc. D. P. Dodamgoda & Company
Date of publication, distribution, etc. 1978
300 ## - PHYSICAL DESCRIPTION
Extent (e.g. Volumes, Pages etc.) 123 p .,
500 ## - GENERAL NOTE
General note A book on Anti Development Sr Lankan Politics
942 ## - Koha item type (Biblio)
Koha item type Books in Stacks (Lending)
Holdings
Lost status Damaged status Collection code Home library Current library Shelving location Date acquired Full call number Accession Number Item type
    Lending WERC Library WERC Library Social Science Cupboard 03/31/2024 352 WIJ 3460 Books in Stacks (Lending)

© WERC Library